Word Ladder: The Coen Brothers Quiz Stats

Quiz Updated Aug 18, 2016

Challenge
Share
Tweet
Embed
Score 0/40 Timer 05:00
0 Plays Today
Clue 4-Letter Word % Correct
Swimming locationPOOL
98.8%
A hammer, wrench or screwdriver, e.g.TOOL
98.8%
Color between red and whitePINK
98%
Bugs Bunny or Bart Simpson, e.g.TOON
97.6%
❖ O Brother Where Art ___❖THOU❖
97.6%
Take a surveyPOLL
97%
Ramones or The Clash genrePUNK
96.5%
At no costFREE
96.4%
Go to the mallSHOP
96.3%
There are 5280 of these in a mileFEET
96.2%
'It remains to be ___'SEEN
96.2%
'Men in Black' actor RipTORN
96.2%
❖ ___ Grit ❖❖TRUE❖
95.8%
SpinTURN
95.7%
Shel Silverstein's 'The Giving ___'TREE
95.6%
Sound from a car hornBEEP
95.4%
A bed in a camp cabinBUNK
95.3%
❖ ___ After Reading ❖❖BURN❖
95.3%
A part of a guitarFRET
95%
Main ingredient of borschtBEET
94.7%
Clue 4-Letter Word % Correct
Ooze through somethingSEEP
93.9%
Prepare vegetables for a stewCHOP
93.7%
NFL teams often do this on 4th downPUNT
92.6%
Lady Gaga's '___ This Way'BORN
92.4%
Hit on the headBONK
91.8%
Smith of Fox NewsSHEP
91.7%
Cabbage, in FrenchCHOU
91.1%
Appear to be SEEM
90.3%
Interjection from the Swedish ChefBORK
87.1%
Christmas in ParisNOËL
85.5%
Rounded part of a hammer headPEEN
85%
Former Pittsburgh Steelers coach ChuckNOLL
84.7%
Ivy League home to the QuakersPENN
84.4%
Confined or repressedPENT
83.8%
❖ Barton ___❖FINK❖
81.2%
To overflow or be packedTEEM
80.6%
Yorke of RadioheadTHOM
80.2%
❖ The older of the Coen Brothers ❖❖JOEL❖
80.1%
Genre of George Clinton and ParliamentFUNK
79.7%
Movie about giant antsTHEM!
77.3%

Today's Daily Dose

Missing Word
Actress of Thrones

Word Ladder
Black Phrases

Quick Pick
'B' Beverages

On This Day
February 21st II

You're not logged in!

Compare scores with friends on all Sporcle quizzes.
Sign Up with Email
OR
Log In

You Might Also Like...

Show Comments

Extras

Top Quizzes Today


Score Distribution

Your Account Isn't Verified!

In order to create a playlist on Sporcle, you need to verify the email address you used during registration. Go to your Sporcle Settings to finish the process.